000 00585nam a22001697a 4500
003 MACL
005 20160717134953.0
008 160717b xxu||||| |||| 00| 0 eng d
040 _cMACL
041 _aHindi
082 _a320
100 _aगुप्‍ता, सौरभ
_964604
245 _aभारतीय राजव्‍यवस्‍था एवं प्रशासन
_cसौरभ गुप्‍ता
260 _aमेरठ
_bअरिहन्‍त पब्लिकेशन्‍स
650 _aसंविधान
_9205
942 _2ddc
_cHIN
999 _c54359
_d54359